000 00713nam a2200289Ia 4500
005 20260324111504.0
008 008 260324s9999 xx 000 0 eng d
020 _a9781003534440
037 _aEBOOK
040 _aCRL
040 _beng
040 _cCRL
041 _2eng
041 _aeng
084 _qCRL
100 _aFrances Thomson-Salo; Luca Bruno; Eva Reichelt
_91138774
245 0 _aGender, Identifications, and Identities
245 0 _bDialogues at the Edges
260 _bTaylor and Francis
260 _c2025
365 _a
365 _b220
856 _uhttp://www.taylorfrancis.com/books/9781003534440
942 _cEBOOK
999 _c1727616
_d1727616